000
00209 a2200097 4500
001
42704
100
_a
Schmidt
245
_a
With Rommel in the desert
260
_a
London
_b
George G
_c
090
_c
26597
_d
26597
942
_a
NUST-CAE
_c
M
_c
18443
999
_c
277777
_d
277777